Lingvistika

Gespeichert in:
Bibliographische Detailangaben
1. Verfasser: Breveníková, Daniela
Format: Buchkapitel
Sprache:Slowakisch
Englisch
Schlagworte:
Tags: Tag hinzufügen
Keine Tags, Fügen Sie das erste Tag hinzu!

MARC

LEADER 00000naa$a2200000$$$4500
001 0128604
005 20240502072455.5
041 0 |a slo 
041 0 |a eng 
044 |a SK 
245 1 0 |a Lingvistika  |c Daniela Breveníková 
610 2 0 |a jazyky cudzie 
610 2 0 |a jazykoveda 
610 2 0 |a angličtina 
610 2 0 |a slovenčina 
610 2 0 |a terminológia 
100 1 |a Breveníková, Daniela